000
00322nam a22001457a 4500
008
241008b ||||| |||| 00| 0 eng d
020
_a
9789951596312
041
_a
SHQIP
080
_2
2010
_a
38.1IAP
082
_a
38.1IAP
100
_a
38
101
_a
IAP
245
_a
FJALE PREJ GURI
_c
SALI BYTYQI
942
_2
udc
_c
BK
999
_c
60631
_d
60631